000 00692cam a22002533a 4500
001 26078
003 PGUSA
005 20140828083548.0
008 080717s2008||||xxu|||||s|||||000 1 eng d
040 _aPGUSA
_beng
042 _adc
050 4 _aPT
100 1 _aSudermann, Hermann,
_d1857-1928
245 1 0 _aEl deseo
_h[electronic resource] /
_cHermann Sudermann
260 _bProject Gutenberg,
_c2008
506 _aPublic domain in the USA.
516 _aElectronic text
653 _aSisters -- Fiction
653 _aSuicide -- Fiction
653 _aLove stories, German
830 0 _aProject Gutenberg
_v26078
856 4 0 _uhttp://www.gutenberg.org/ebooks/26078
942 _cEB
999 _c255333
_d255333